000 00274nam a22001097a 4500
082 _a741.642
100 _aTyagi, Dr.Sudheer
_983491
245 _aGreatest Inventions & Innovations
260 _aDelhi
_bFuture book Distributors
_c2016
650 _achildren book
942 _cBK
999 _c68425
_d68425